| 000 | 00540nam a22001697a 4500 | ||
|---|---|---|---|
| 999 |
_c331429 _d331429 |
||
| 003 | NUST | ||
| 005 | 20170928121909.0 | ||
| 008 | 170928b xxu||||| |||| 00| 0 eng d | ||
| 040 | _c0 | ||
| 082 | _a628 EPA | ||
| 245 | _aDesign Manual Municipal Wastewater Disinfection | ||
| 260 |
_aUSA _bEPA _c1986 |
||
| 300 | _a247p. | ||
| 500 | _aP.B | ||
| 942 |
_2ddc _cBK _kIESE |
||